Welcome to UE Central Library

Keep Smiling

The age of shakespeare The pelican guide to english literature (Record no. 25981)

MARC details
000 -LEADER
fixed length control field 00565nam a22001697a 4500
005 - DATE AND TIME OF LATEST TRANSACTION
control field 20260409115411.0
008 - FIXED-LENGTH DATA ELEMENTS--GENERAL INFORMATION
fixed length control field 260409b |||||||| |||| 00| 0 eng d
020 ## - INTERNATIONAL STANDARD BOOK NUMBER
International Standard Book Number (pbk)
040 ## - CATALOGING SOURCE
Transcribing agency UE-CL
082 ## - DEWEY DECIMAL CLASSIFICATION NUMBER
Classification number 822.33
Item number T3401
245 ## - TITLE STATEMENT
Title The age of shakespeare The pelican guide to english literature
Remainder of title Edited by boris Ford
260 ## - PUBLICATION, DISTRIBUTION, ETC. (IMPRINT)
Place of publication, distribution, etc UK:
Name of publisher, distributor, etc Penguin Books / Pelican Books;
Date of publication, distribution, etc 1982.
300 ## - PHYSICAL DESCRIPTION
Extent 480 p.
546 ## - LANGUAGE NOTE
Language note English
942 ## - ADDED ENTRY ELEMENTS (KOHA)
Koha item type Books
505 ## - FORMATTED CONTENTS NOTE
Formatted contents note Part I- The Social Setting<br/>Part II- The elizbethan literacy renaissance.<br/>Part III- Elizbethan light reading
Holdings
Withdrawn status Damaged status Not for loan Home library Current library Date acquired Full call number Barcode Date last seen Price effective from Koha item type
      UE-Central Library UE-Central Library 09.04.2026 822.33 T3401 T6114D 09.04.2026 09.04.2026 Books
Copyright © 2023, University of Education, Lahore. All Rights Reserved.
Email:centrallibrary@ue.edu.pk